000 01564nam a2200313 4500
001
003 DO-SdBNP
005 20230731114230.0
007 0310
008 110324s2007 sp ||| 000 f spa
015 _a
017 _a
_b
020 _a9788466368902
035 _a
040 _aBPMSU
_bspa
_cBPMSU
_e
080 _a
082 4 _a863.6
_bP438p 2007
_222
100 1 _aPérez-Reverte, Arturo
_d1951-
_953
245 1 3 _aEl pintor de batallas /
_cArturo Pérez Reverte
_h
260 _aMadrid :
_bSantillana Ediciones Generales,
_c2007
300 _a292 p. ;
_c21 cm
490 0 _aPunto de lectura
_v1/9
500 _aIncluye datos biográficos del autor
520 _aEn una torre junto al Mediterráneo, en busca de la foto que nunca pudo hacer, un antiguo fotógrafo pinta un gran fresco circular en la pared: el paisaje intemporal de una batalla. Lo acompañan en la tarea un rostro que regresa del pasado para cobrar una deuda mortal, y la sombra de una mujer desaparecida diez años atrás. En torno a esos tres personajes, Arturo Pérez-Reverte ha escrito la más intensa y turbadora historia de su larga carrera de novelista. Deslumbrante de principio a fin, El pintor de batallas arrastra al lector, subyugado, a través de la compleja geometría del caos del siglo XXI: el arte, la ciencia, la guerra, el amor, la lucidez y la soledad, se combinan en el vasto mural de un mundo que agoniza.
650 4 _aNovela española
650 4 _aLiteratura española
910 _aVMateo V. Control de calidad. BPMSU
942 _2ddc
_cBK
999 _c11273
_d11273